[Event "ROM-ch U12 Girls"]
[Site "Calimanesti"]
[Date "2015.04.02"]
[Round "5"]
[White "Avadani, Teodora"]
[Black "Marin, Alexia Iuliana"]
[Result "1-0"]
[WhiteElo "1474"]
[BlackElo "1287"]
[PlyCount "123"]
[EventDate "2015.03.30"]
[EventType "swiss"]
[EventRounds "9"]
[EventCountry "ROU"]
[SourceTitle "CBM 165 Extra"]
[Source "ChessBase"]
[SourceDate "2015.04.21"]
[SourceVersion "1"]
[SourceVersionDate "2015.04.21"]
[SourceQuality "1"]

1. d4 d5 2. c4 c6 3. c5 e6 4. Nc3 Nd7 5. f3 e5 6. e3 Ngf6 7. Bd3 Be7 8. Nge2 0-0 9. 0-0 h6 10. Qc2 Re8 11. Bd2 b6 12. b4 Bf8 13. Ng3 Bb7 14. a4 a5 15. bxa5 bxc5 16. dxc5 Rxa5 17. Na2 Ra8 18. Bb4 d4 19. e4 Nh7 20. Rac1 Ndf6 21. Ne2 Nh5 22. g3 Ba6 23. Rcd1 Bxd3 24. Rxd3 Qd7 25. Kg2 f5 26. Ng1 Qe6 27. Kh1 Kh8 28. exf5 Qf6 29. a5 e4 30. fxe4 Rxe4 31. Rd2 Rae8 32. Qd1 Ng5 33. Qxh5 R4e5 34. Qg6 Qe7 35. f6 Qe6 36. fxg7+ Bxg7 37. Qxe6 R8xe6 38. h4 Nh7 39. Rf7 Re8 40. Ra7 Nf6 41. a6 Kh7 42. Rb7 Ra8 43. a7 Ree8 44. Rxd4 Nd5 45. Rg4 Nxb4 46. Rgxg7+ Kh8 47. Nxb4 Red8 48. Nxc6 Re8 49. Rg4 h5 50. Rgb4 Rg8 51. Rb8 Rxa7 52. Rxg8+ Kxg8 53. Nxa7 Kf7 54. c6 Kg6 55. c7 Kf5 56. c8Q+ Ke5 57. Nf3+ Kd5 58. Qf5+ Kd6 59. Rb6+ Kc7 60. Rc6+ Kb8 61. Qd7 Ka8 62. Rc8# 1-0

[Event "ROM-ch U12 Girls"]
[Site "Calimanesti"]
[Date "2014.04.07"]
[Round "2"]
[White "Schiopu, Andreea Alexandra"]
[Black "Avadani, Teodora"]
[Result "0-1"]
[WhiteElo "1483"]
[BlackElo "1377"]
[PlyCount "146"]
[EventDate "2014.04.06"]
[EventType "swiss"]
[EventRounds "9"]
[EventCountry "ROU"]
[SourceTitle "CBM 160 Extra"]
[Source "ChessBase"]
[SourceDate "2014.07.01"]
[SourceVersion "1"]
[SourceVersionDate "2014.07.01"]
[SourceQuality "1"]

1. d4 d5 2. c4 e6 3. Nc3 Nc6 4. Nf3 Nge7 5. Bf4 dxc4 6. e3 Nd5 7. Bg5 f6 8. Bh4 Bb4 9. Qc2 Na5 10. a3 Nb3 11. Rd1 Bxc3+ 12. bxc3 Nb6 13. Bxc4 Na5 14. Bd3 Bd7 15. Bxh7 Qe7 16. Ne5 g5 17. Qg6+ Kf8 18. Qh6+ Qg7 19. Ng6+ Kf7 20. Nxh8+ Rxh8 21. Qxg7+ Kxg7 22. Bxg5 fxg5 23. Bd3 Na4 24. Kd2 b6 25. Rb1 c5 26. c4 Rf8 27. f3 g4 28. f4 Bc6 29. Rhg1 Rh8 30. h3 gxh3 31. gxh3+ Kf7 32. Be2 Be4 33. Bd3 Nxc4+ 34. Bxc4 Bxb1 35. Rxb1 cxd4 36. exd4 Rxh3 37. Bb3 Nc3 38. Re1 Ne4+ 39. Kc2 Rh2+ 40. Kc1 Nf2 41. Rxe6 Nd3+ 42. Kb1 Rb2+ 43. Ka1 Rxb3 44. Re3 Nc1 45. Re1 Rxa3+ 46. Kb1 Na2 47. Kb2 Ra5 48. Ra1 Nb4 49. Rxa5 bxa5 50. Kb3 Nc6 51. d5 Nb4 52. Ka4 Nxd5 53. Kxa5 Nc7 54. Kb4 Kf6 55. Kc5 Kf5 56. Kb4 Kxf4 57. Ka4 Ke4 58. Kb4 Kd4 59. Ka4 Kc4 60. Ka5 Nb5 61. Ka4 Kc5 62. Ka5 Kc6 63. Kb4 Kb6 64. Ka4 a5 65. Kb3 Nd4+ 66. Ka3 Kb5 67. Kb2 a4 68. Ka2 Kb4 69. Kb2 a3+ 70. Ka2 Ka4 71. Ka1 Kb3 72. Kb1 a2+ 73. Ka1 Nc2# 0-1

[Event "ROM-ch U10 Girls"]
[Site "Calimanesti"]
[Date "2013.04.08"]
[Round "9"]
[White "Lehaci, Miruna Daria"]
[Black "Avadani, Teodora"]
[Result "0-1"]
[WhiteElo "1478"]
[BlackElo "1102"]
[PlyCount "76"]
[EventDate "2013.04.02"]
[EventType "swiss"]
[EventRounds "9"]
[EventCountry "ROU"]
[SourceTitle "CBM 153 Extra"]
[Source "ChessBase"]
[SourceDate "2013.04.22"]
[SourceVersion "1"]
[SourceVersionDate "2013.04.22"]
[SourceQuality "1"]

1. f4 d5 2. e3 e6 3. b3 Bd6 4. Bb2 Nf6 5. Nf3 0-0 6. Bb5 a6 7. Be2 Nc6 8. 0-0 Bd7 9. Ne5 Re8 10. d3 h6 11. Qe1 Nh7 12. Bh5 Bxe5 13. fxe5 g6 14. Qg3 Ne7 15. Bg4 h5 16. Bh3 Bc6 17. Qf4 Rf8 18. Qg3 Qd7 19. Nd2 b5 20. Rf2 Bb7 21. Raf1 g5 22. Ba3 g4 23. Bxg4 hxg4 24. Qxg4+ Kh8 25. Qh5 Qe8 26. Bxe7 f5 27. Bf6+ Kg8 28. Qh6 Qf7 29. Rf3 Nxf6 30. exf6 Qxf6 31. Rg3+ Kf7 32. Qh7+ Ke8 33. Qxc7 Qe7 34. Qb6 Rc8 35. Rg6 Rc6 36. Qd4 e5 37. Rxc6 exd4 38. Rh6 Qxe3+ 0-1

[Event "ROM-ch U10 Girls"]
[Site "Calimanesti"]
[Date "2013.04.05"]
[Round "5"]
[White "Marina, Raluca Ioana"]
[Black "Avadani, Teodora"]
[Result "0-1"]
[WhiteElo "1043"]
[BlackElo "1102"]
[PlyCount "76"]
[EventDate "2013.04.02"]
[EventType "swiss"]
[EventRounds "9"]
[EventCountry "ROU"]
[SourceTitle "CBM 153 Extra"]
[Source "ChessBase"]
[SourceDate "2013.04.22"]
[SourceVersion "1"]
[SourceVersionDate "2013.04.22"]
[SourceQuality "1"]

1. e4 Nc6 2. Nf3 e5 3. Bb5 Nge7 4. d3 a6 5. Ba4 g6 6. Nbd2 Bg7 7. Nf1 0-0 8. Ng3 d6 9. h3 Bd7 10. 0-0 Nd4 11. Bxd7 Nxf3+ 12. Qxf3 Qxd7 13. Bg5 c6 14. Qg4 Qxg4 15. hxg4 f6 16. Be3 d5 17. exd5 Nxd5 18. Bc5 Rf7 19. c4 Nf4 20. Be3 Nxd3 21. Rad1 Nxb2 22. Rd6 Nxc4 23. Rd3 Nxe3 24. Rxe3 a5 25. Rd1 f5 26. Red3 fxg4 27. Rd8+ Rf8 28. Rxf8+ Kxf8 29. Rd7 b5 30. Ne4 b4 31. Nd6 a4 32. Rf7+ Kg8 33. Rb7 Rd8 34. Nf7 Rd1+ 35. Kh2 b3 36. axb3 a3 37. Ra7 a2 38. Ng5 a1Q 0-1

[Event "ROM-ch U10 Girls"]
[Site "Calimanesti"]
[Date "2013.04.02"]
[Round "1"]
[White "Parausanu, Adriana Georgia"]
[Black "Avadani, Teodora"]
[Result "0-1"]
[WhiteElo "1001"]
[BlackElo "1102"]
[PlyCount "64"]
[EventDate "2013.04.02"]
[EventType "swiss"]
[EventRounds "9"]
[EventCountry "ROU"]
[SourceTitle "CBM 153 Extra"]
[Source "ChessBase"]
[SourceDate "2013.04.22"]
[SourceVersion "1"]
[SourceVersionDate "2013.04.22"]
[SourceQuality "1"]

1. e4 e5 2. Nf3 Nc6 3. c3 Nf6 4. d4 exd4 5. cxd4 Nxe4 6. Bd3 Nf6 7. 0-0 Be7 8. Bc2 0-0 9. Ng5 d5 10. Nxh7 Nxh7 11. Bxh7+ Kxh7 12. Qh5+ Kg8 13. b3 g6 14. Qh6 Nxd4 15. Bb2 Bg5 16. Qh3 Bxh3 17. gxh3 Nc2 18. Nc3 Nxa1 19. Rxa1 Bf6 20. Ba3 Bxc3 21. Rc1 Bg7 22. Bxf8 Bxf8 23. Re1 d4 24. Rd1 d3 25. Kf1 d2 26. Ke2 Bb4 27. a3 Bc3 28. f3 Qd4 29. f4 Re8+ 30. Kf1 Re1+ 31. Rxe1 dxe1Q+ 32. Kg2 Qdf2# 0-1